Zdaňovacie obdobia pri zrušení a zániku spoločnosti

Dobrovolné a nedobrovoľné zrušenie spoločnosti. Zmeny vybraných ustanovení Obchodného zákonníka. Zmeny v zdaňovacích obdobiach. Zistenie základu dane a podávanie daňového priznania.

Salvato in:
Dettagli Bibliografici
Autore principale: Vanková, Lucia
Natura: Capitolo di libro
Lingua:slovacco
Soggetti:
Tags: Aggiungi Tag
Nessun Tag, puoi essere il primo ad aggiungerne!!

MARC

LEADER 00000naa a2200000 4500
001 0272813
005 20210407121151.5
041 0 |a slo 
044 |a SK 
245 1 0 |a Zdaňovacie obdobia pri zrušení a zániku spoločnosti  |c Lucia Vanková 
520 |a Dobrovolné a nedobrovoľné zrušenie spoločnosti. Zmeny vybraných ustanovení Obchodného zákonníka. Zmeny v zdaňovacích obdobiach. Zistenie základu dane a podávanie daňového priznania. 
610 2 0 |a dane z príjmov 
610 2 0 |a priznania daňové 
610 2 0 |a základ dane 
610 2 0 |a zákonník obchodný 
610 2 0 |a obdobie zdaňovacie 
100 1 |a Vanková, Lucia